| 000 | 01898nam a2200241Ia 4500 | ||
|---|---|---|---|
| 003 | Ost | ||
| 005 | 20260507075207.0 | ||
| 008 | 260507s9999||||xx |||||||||||||| ||und|| | ||
| 040 | _cfsecg | ||
| 041 | _aara | ||
| 082 | _a330 | ||
| 100 |
_aالهادي، سليمان عمر محمد _eمؤلف |
||
| 245 | 0 |
_aالإستثمار الاجنبي المباشر و حقوق البيئة : _bفي الاقتصاد الاسلامي و الاقتصاد الوضعي / _c سليمان عمر محمد الهادي |
|
| 260 |
_aعمان: _bالاكادميون للنشر, _c2010 |
||
| 300 |
_a224 صفحة؛ _c24 سم |
||
| 504 | _aمراجع ص.203 | ||
| 520 | _aمفاهيم و أفكار في البيئة و الاستثمار و قضاياهما الاساسية مع التطرق إلى مفهوم البيئة و الاستثمار الاجنبي المباشر و مفهوم الحقوق ، الاستثمار الاجنبي المباشر و آثاره في البيئة الاقتصادية بالتطرق إلى الموارد الطبيعية ، رأس المال و العمالة ، الانتاج ، الاستهلاك و البيئة ، الاستثمار الاجنبي المباشر و آثاره في البيئة الاجتماعية بالتطرق إلى الحضارة و البيئة ، ، تأثير الاستثمار الاجنبي في المفاهيم و البيئة الاجتماعية ، تهميش العقيدة ، الاستثمار الاجنبي المباشر وآثاره في البيئة السياسية بالتطرق الى الدولة ، آليات الديموقراطية و مبدأالشورى و قوة الدولة ، عولمة الاعلام و الثقافة . | ||
| 653 | _aالاستثمار الأجنبي | ||
| 653 | _aالإقتصاد | ||
| 653 | _aالإقتصاد الإسلامي | ||
| 653 | _aالبيئة | ||
| 942 | _cكتاب | ||
| 999 |
_c43439 _d43439 |
||